<?xml version="1.0" encoding="UTF-8"?><?xml-stylesheet type="text/xsl" href="static/style.xsl"?><OAI-PMH xmlns="http://www.openarchives.org/OAI/2.0/" xmlns:xsi="http://www.w3.org/2001/XMLSchema-instance" xsi:schemaLocation="http://www.openarchives.org/OAI/2.0/ http://www.openarchives.org/OAI/2.0/OAI-PMH.xsd"><responseDate>2026-04-13T01:15:49Z</responseDate><request verb="GetRecord" identifier="oai:www.recercat.cat:2072/481694" metadataPrefix="marc">https://recercat.cat/oai/request</request><GetRecord><record><header><identifier>oai:recercat.cat:2072/481694</identifier><datestamp>2025-08-31T17:46:11Z</datestamp><setSpec>com_2072_98</setSpec><setSpec>col_2072_378192</setSpec></header><metadata><record xmlns="http://www.loc.gov/MARC21/slim" xmlns:dcterms="http://purl.org/dc/terms/" xmlns:xsi="http://www.w3.org/2001/XMLSchema-instance" xmlns:doc="http://www.lyncode.com/xoai" xsi:schemaLocation="http://www.loc.gov/MARC21/slim http://www.loc.gov/standards/marcxml/schema/MARC21slim.xsd">
   <leader>00925njm 22002777a 4500</leader>
   <datafield ind2=" " ind1=" " tag="042">
      <subfield code="a">dc</subfield>
   </datafield>
   <datafield ind2=" " ind1=" " tag="720">
      <subfield code="a">Ramos Torre, Ramón</subfield>
      <subfield code="e">author</subfield>
   </datafield>
   <datafield ind2=" " ind1=" " tag="720">
      <subfield code="a">Callejo, Javier</subfield>
      <subfield code="e">author</subfield>
   </datafield>
   <datafield ind2=" " ind1=" " tag="260">
      <subfield code="c">2025</subfield>
   </datafield>
   <datafield ind2=" " ind1=" " tag="520">
      <subfield code="a">El cambio climático (CC) es un hecho total que se genera y se comunica desde el sistema de la ciencia. La concepción de los expertos es sometida a variadas traducciones por parte de otros agentes sociales. En este trabajo se aborda cómo concibe sus incertidumbres características el público (los legos), según muestran los datos de una reciente investigación realizada en España. Denominamos dóxicas a esas incertidumbres para diferenciarlas de las incertidumbres epistémicas de los expertos. Se analizan algunos de sus aspectos y la forma de enfrentarlas y reducirlas en el discurso lego hegemónico, que confía en el saber experto. Se exploran también las aproximaciones escépticas y negacionistas, que se contrastan con las resueltamente afirmativas de grupos de jóvenes activistas. Para interpretarlas, se atiende a las justificaciones y a las temporalizaciones que las hacen posibles.</subfield>
   </datafield>
   <datafield ind2=" " ind1=" " tag="520">
      <subfield code="a">El canvi climàtic (CC) és un fet total que es genera i es comunica des del sistema de la ciència. La concepció dels experts és sotmesa a variades traduccions per part d'altres agents socials. En aquest treball s'aborda com el públic (els llecs) concep les seves incerteses característiques, segons mostren les dades d'una recent recerca duta a terme a Espanya. Denominem dòxiques aquestes incerteses per diferenciar-les de les incerteses epistèmiques dels experts. S'analitzen alguns dels seus aspectes i la manera d'afrontar-les i reduir-les en el discurs llec hegemònic, que confia en el saber expert. S'exploren també les aproximacions escèptiques i negacionistes, que es contrasten amb les decididament afirmatives de grups de joves activistes. Per interpretar-les, s'atén a les justificacions i a les temporalitzacions que les fan possibles.</subfield>
   </datafield>
   <datafield ind2=" " ind1=" " tag="520">
      <subfield code="a">Climate change (CC) is an established fact that is demonstrated and communicated by the scientific community. The views of experts are subjected to various transformations by other social agents. This paper addresses how the general public (non-scientists) conceives their characteristic uncertainties, as shown by data from a recent study carried out in Spain. We call these uncertainties doxic to differentiate them from the epistemic uncertainties of the experts. We analyse some of the features of these uncertainties and the way they are addressed and diminished in the prevailing non-scientific discourse which puts its trust in expert knowledge. Sceptical and denialist perspectives are also explored, and are contrasted with the resolutely affirmative approaches of groups of young activists. To interpret them, the justifications and temporalizations that make them possible are considered.</subfield>
   </datafield>
   <datafield tag="653" ind2=" " ind1=" ">
      <subfield code="a">Climate change</subfield>
   </datafield>
   <datafield tag="653" ind2=" " ind1=" ">
      <subfield code="a">Doxic and epistemic uncertainty</subfield>
   </datafield>
   <datafield tag="653" ind2=" " ind1=" ">
      <subfield code="a">Climate scepticism</subfield>
   </datafield>
   <datafield tag="653" ind2=" " ind1=" ">
      <subfield code="a">Climate denialism</subfield>
   </datafield>
   <datafield tag="653" ind2=" " ind1=" ">
      <subfield code="a">Climate activism</subfield>
   </datafield>
   <datafield tag="653" ind2=" " ind1=" ">
      <subfield code="a">Climate futures</subfield>
   </datafield>
   <datafield tag="653" ind2=" " ind1=" ">
      <subfield code="a">Cambio climático</subfield>
   </datafield>
   <datafield tag="653" ind2=" " ind1=" ">
      <subfield code="a">Incertidumbre dóxica y epistémica</subfield>
   </datafield>
   <datafield tag="653" ind2=" " ind1=" ">
      <subfield code="a">Escepticismo climático</subfield>
   </datafield>
   <datafield tag="653" ind2=" " ind1=" ">
      <subfield code="a">Negacionismo climático</subfield>
   </datafield>
   <datafield tag="653" ind2=" " ind1=" ">
      <subfield code="a">Activismo climático</subfield>
   </datafield>
   <datafield tag="653" ind2=" " ind1=" ">
      <subfield code="a">Futurizaciones climáticas</subfield>
   </datafield>
   <datafield tag="653" ind2=" " ind1=" ">
      <subfield code="a">Canvi climàtic</subfield>
   </datafield>
   <datafield tag="653" ind2=" " ind1=" ">
      <subfield code="a">Incertesa dòxica i epistèmica</subfield>
   </datafield>
   <datafield tag="653" ind2=" " ind1=" ">
      <subfield code="a">Escepticisme climàtic</subfield>
   </datafield>
   <datafield tag="653" ind2=" " ind1=" ">
      <subfield code="a">Negacionisme climàtic</subfield>
   </datafield>
   <datafield tag="653" ind2=" " ind1=" ">
      <subfield code="a">Activisme climàtic</subfield>
   </datafield>
   <datafield tag="653" ind2=" " ind1=" ">
      <subfield code="a">Futuritzacions climàtiques</subfield>
   </datafield>
   <datafield ind2="0" ind1="0" tag="245">
      <subfield code="a">Cambio climático e incertidumbres dóxicas : Entre el negacionismo y el activismo</subfield>
   </datafield>
</record></metadata></record></GetRecord></OAI-PMH>